000 00813nam a2200229Ia 4500
003 OSt
005 20220923220858.0
006 a|||||r|||| 00| 0
007 ta
008 220922b |||||||| |||| 00| 0 hin d
024 _a191,812
037 _cTextual
040 _aARTS
_cARTS
_bhin
041 _2hin
_ahin
082 _aV2.L, 152K9
100 _aओक, पुरूषोत्तम नागेश; भट्ट, जगमोहन राव
_9164758
245 0 _aभारतीय इतिहास की भंयकर भूलें
246 _aBhāratīya itihās kī bhanyakar bhūlean
260 _c1969
942 _hV2.L, 152K9
_cTEXL
_2CC
999 _c344468
_d344468